00788nam a2200217 a 450000100100000000500170001000800410002702000150006804000250008308200150010810000210012324500470014426000530019130000270024449000170027183000240028804900090031295201130032195201190043499900170055300002934720200930055507.0110415s2003 dr a 000 | spa d a999343373x aDO-SdBNPbspacBNPHU axxxbR831L1 aRossi, A.95622113aEl limón :bfuente de salud /cA. Rossi. aSanto Domingo :bGrupo Editorial Fénix,c2003. a47 p. :bil. ;c21 cm.1 aSalud y vida 0aSalud y vida922156 aBNPD 0010718PDaPDbPDcCTd2011-04-15iLF1l0oxxx R831Lp29347-10r2020-06-25w2020-06-25yLFPDZNo se presta 0010718PDaPDbPDcCTd2011-05-03iLF1l0oxxx R831Lp29347-20r2020-06-25te. 2w2020-06-25yLFPDZNo se presta c28839d28839